Understanding hypermedia : from multimedia to virtual reality /
Guardado en:
| Autor Principal: | |
|---|---|
| Otros Autores: | |
| Formato: | Libro |
| Idioma: | English |
| Publicado: |
London :
Phaidon Press,
1994.
|
| Materias: | |
| Etiquetas: |
Agregar Etiqueta
Sin Etiquetas, Sea el primero en etiquetar este registro!
|
| LEADER | 01045nam a22003135a 4500 | ||
|---|---|---|---|
| 001 | DCC.dcic000149 | ||
| 008 | 940601s1994####enka#####b####001#0#eng#d | ||
| 005 | 20151123142705.0 | ||
| 245 | 1 | 0 | |a Understanding hypermedia : |b from multimedia to virtual reality / |c Bob Cotton & Richard Oliver ; designed by Malcolm Garrett. |
| 260 | |a London : |b Phaidon Press, |c 1994. | ||
| 300 | |a 160 p. : |b col. ill. ; |c 26 cm. | ||
| 500 | |a Includes index. | ||
| 504 | |a Includes bibliographical references (p. 152) and index. | ||
| 020 | |a 0714828009 (hardback) | ||
| 020 | |a 0714829080 (pbk.) | ||
| 100 | 1 | |a Cotton, Bob. | |
| 700 | 1 | |a Oliver, Richard, |d 1945- | |
| 082 | 0 | 0 | |a 006.6 |2 20 |
| 653 | 0 | |a Multi-media |a Use of |a Interactive computers | |
| 650 | 0 | |a Interactive media. | |
| 650 | 0 | |a Multimedia systems. | |
| 650 | 0 | |a Virtual reality. | |
| 035 | |9 (DLC) 93172519 | ||
| 010 | |a 93172519 | ||
| 035 | |a (OCoLC)28129794 | ||
| 040 | |a AzTeS |c AzTeS |d Uk |d DLC | ||
| 042 | |a lccopycat | ||
| 050 | 0 | 0 | |a QA76.76.I59 |b C67 1993 |
| 859 | |a DCIC |b BIB. COMPUTACION |p 0249 | ||
